00374cam a22001097a 4500008004000000082002400040100001900064245008400083260006300167300001000230650002400240180718b2002 xxu||||| |||| 00| 0 eng d aAPPPA 2001-02 AGG/1 aAggarwal, P.N. aRole of central industrial security force in next two decadescby P.N. Aggarwal aNew DelhibIndian Institute of Public Administrationc2002 a155p. aIndustrial security